000
00278nam a2200121Ia 4500
008
190216s9999||||xx |||||||||||||| ||und||
100
_a
Cherukad
245
0
_a
Tharavaditham
260
_b
Chintha Publishers
_c
1987
300
_a
116p
650
_a
Malayalam Nadakam
942
_c
BK
999
_c
26703
_d
26703